Anteproyecto arquitectónico de complejo de apartamentos para estudiantes Universitarios con enfoque bioclimático, sector UCA-UNI de Managua
Presenta un anteproyecto arquitectónico de complejo de apartamentos para estudiantes Universitarios con enfoque bioclimático, sector UCA-UNI de Managua, en el cual se propone el diseño de complejo de apartamentos para universitarios, como solución a la problemática que enfrentan las universida...
| Main Authors: | , |
|---|---|
| Other Authors: | |
| Format: | Tesis Section = Libro |
| Language: | Undetermined Spanish |
| Published: |
Managua
UNI
2014
|
| Subjects: |
| LEADER | 01571nam a2200289Ia 4500 | ||
|---|---|---|---|
| 008 | 240830s9999 xx 000 0 und d | ||
| 040 | |a BIBLIOTECA-RUSB/ Mon 728.314 R763 | ||
| 041 | |a spa | ||
| 082 | |a Mon 728.314 R763 | ||
| 100 | 1 | |a Romero Morales, Reyna Alexandra | |
| 100 | 1 | |b Zeledón Zeledón, Jacqueline Pastora | |
| 245 | 1 | 0 | |a Anteproyecto arquitectónico de complejo de apartamentos para estudiantes Universitarios con enfoque bioclimático, sector UCA-UNI de Managua |
| 260 | |a Managua |b UNI |c 2014 | ||
| 300 | |a 124 p. :il. | ||
| 500 | |a Contiene: anexos e Incluye: CD. | ||
| 502 | |a Tesis (Arquitecto) - UNI, 2014. | ||
| 520 | 3 | |a Presenta un anteproyecto arquitectónico de complejo de apartamentos para estudiantes Universitarios con enfoque bioclimático, sector UCA-UNI de Managua, en el cual se propone el diseño de complejo de apartamentos para universitarios, como solución a la problemática que enfrentan las universidades de este sector, de acuerdo a las necesidades y demandas por parte de la comunidad estudiantil; cabe mencionar que ha de implementarse criterios bioclimáticos para generar mayor confort y bienestar dentro de los espacios de los apartamentos universitarios | |
| 650 | 7 | |a DISEÑO ARQUITECTONICO | |
| 650 | 7 | |b ARQUITECTURA BIOCLIMATICA | |
| 650 | 7 | |c ARQUITECTURA-DISEÑOS Y PLANOS | |
| 650 | 7 | |d EMPLAZAMIENTO DE CONSTRUCCIONES-VIVIENDAS | |
| 650 | 7 | |e MODELOS ANALOGOS | |
| 650 | 7 | |f ESTUDIO DE SITIO | |
| 700 | 1 | |a Tutor: |b Castillo Vanegas, Ingrid María | |
| 942 | |c BK |2 ddc | ||
| 991 | |a TESIS | ||
| 999 | |c 21493 | ||